[Event "Ambalangoda Dhamso op 8th"]
[Site "Ambalangoda"]
[Date "2018.04.21"]
[Round "6"]
[White "Indusara, MG Janitha"]
[Black "Jayaweera, Y."]
[Result "0-1"]
[WhiteElo "1398"]
[BlackElo "1734"]
[PlyCount "120"]
[EventDate "2018.04.19"]
[EventType "swiss"]
[EventRounds "9"]
[EventCountry "SRI"]
[SourceTitle "CBM 184 Extra"]
[Source "ChessBase"]
[SourceDate "2018.06.28"]
[SourceVersion "1"]
[SourceVersionDate "2018.06.28"]
[SourceQuality "1"]

1. d4 Nf6 2. c4 g6 3. Nc3 Bg7 4. Nf3 d6 5. e4 0-0 6. Bg5 h6 7. Bh4 Nbd7 8. Be2 c6 9. h3 Nh5 10. Qd2 g5 11. g4 Nf4 12. Bg3 e5 13. Bxf4 exf4 14. 0-0 Re8 15. Ne1 Qb6 16. Nc2 c5 17. Nd5 Qd8 18. f3 b6 19. Kg2 Nf8 20. Rab1 Bb7 21. dxc5 dxc5 22. Rfd1 Ng6 23. Qd3 Bxd5 24. cxd5 Ne5 25. Qd2 Qd6 26. Na3 a6 27. Nc4 Nxc4 28. Bxc4 b5 29. Be2 c4 30. Qc2 Be5 31. Bf1 Rec8 32. Be2 Kf8 33. Rf1 Ke7 34. Ra1 Rh8 35. Rh1 Rh7 36. Rac1 Rah8 37. b3 c3 38. Bd3 h5 39. Rcd1 hxg4 40. hxg4 Rxh1 41. Rxh1 Rxh1 42. Kxh1 Qh6+ 43. Kg2 Bd4 44. Qe2 Qh4 45. Qf1 Kd6 46. b4 f6 47. Bc2 Ke5 48. Bb3 Qg3+ 49. Kh1 Qh4+ 50. Kg2 Qg3+ 51. Kh1 Bf2 52. Bd1 Qh4+ 53. Kg2 Qg3+ 54. Kh1 c2 55. Bxc2 Qxf3+ 56. Qg2 Qe2 57. Bb3 f3 58. Qh2+ Kd4 59. Qh3 Qe1+ 60. Kh2 Qg1# 0-1

[Event "Ambalangoda Dhamso op 8th"]
[Site "Ambalangoda"]
[Date "2018.04.19"]
[Round "2"]
[White "Sandanayaka, SDDS"]
[Black "Jayaweera, Y."]
[Result "0-1"]
[WhiteElo "1152"]
[BlackElo "1734"]
[PlyCount "74"]
[EventDate "2018.04.19"]
[EventType "swiss"]
[EventRounds "9"]
[EventCountry "SRI"]
[SourceTitle "CBM 184 Extra"]
[Source "ChessBase"]
[SourceDate "2018.06.28"]
[SourceVersion "1"]
[SourceVersionDate "2018.06.28"]
[SourceQuality "1"]

1. b3 Nf6 2. Bb2 e6 3. e3 d5 4. Bb5+ c6 5. Be2 Bd6 6. c4 Nbd7 7. Nc3 0-0 8. Qc2 a5 9. Nh3 e5 10. Na4 Qe7 11. a3 Rb8 12. 0-0 h6 13. f4 b5 14. cxb5 cxb5 15. Nc3 b4 16. axb4 Bxb4 17. fxe5 Nxe5 18. Nf4 Bb7 19. d4 Neg4 20. Bxg4 Qxe3+ 21. Kh1 Nxg4 22. Rae1 Qxd4 23. Ncxd5 Qc5 24. Ne7+ Kh8 25. Nfg6+ fxg6 26. Nxg6+ Kg8 27. Ne7+ Qxe7 28. Qc4+ Bd5 29. Qxd5+ Kh8 30. Rxf8+ Rxf8 31. Bxg7+ Qxg7 32. Qc4 Bxe1 33. Qd3 Nf2+ 34. Kg1 Nxd3 35. g3 Rf2 36. Kh1 Qb7+ 37. Kg1 Qg2# 0-1

[Event "Negombo op 3rd"]
[Site "Negambo"]
[Date "2017.08.23"]
[Round "8"]
[White "Amarasinghe, AACB"]
[Black "Jayaweera, Y."]
[Result "1-0"]
[WhiteElo "1982"]
[BlackElo "1738"]
[PlyCount "87"]
[EventDate "2017.08.20"]
[EventType "swiss"]
[EventRounds "10"]
[EventCountry "SRI"]
[SourceTitle "CBM 180 Extra"]
[Source "ChessBase"]
[SourceDate "2017.10.06"]
[SourceVersion "1"]
[SourceVersionDate "2017.10.06"]
[SourceQuality "1"]

1. e4 c5 2. Nf3 d6 3. h3 e6 4. c3 Nf6 5. Be2 Nc6 6. d3 Be7 7. 0-0 0-0 8. Nbd2 e5 9. Re1 h6 10. Bf1 Re8 11. a3 Bf8 12. b4 a6 13. Bb2 d5 14. exd5 Nxd5 15. g3 cxb4 16. axb4 Bf5 17. Nh4 Be6 18. Nc4 Qc7 19. Qe2 Rad8 20. Rad1 b5 21. Ne3 Qc8 22. Nxd5 Bxd5 23. Bg2 Be6 24. Kh2 Bd6 25. Nf3 f5 26. Nd2 Ne7 27. Ra1 Bd5 28. Rec1 Qb7 29. Bxd5+ Nxd5 30. Qf3 e4 31. dxe4 fxe4 32. Nxe4 Rf8 33. Qg2 Qb6 34. Rc2 Be7 35. Rf1 Rc8 36. Rd2 Nf6 37. f4 Nxe4 38. Qxe4 Bf6 39. Rf3 Rfe8 40. Qb1 Re3 41. Rxe3 Qxe3 42. Qd3 Qe1 43. Re2 Rxc3 44. Qd5+ 1-0

[Event "SRI-chB"]
[Site "Narahenpita"]
[Date "2017.05.13"]
[Round "3"]
[White "Aktar, MR."]
[Black "Jayaweera, Y."]
[Result "0-1"]
[WhiteElo "1820"]
[BlackElo "1695"]
[PlyCount "57"]
[EventDate "2017.05.12"]
[EventType "swiss"]
[EventRounds "10"]
[EventCountry "SRI"]
[SourceTitle "CBM 178 Extra"]
[Source "ChessBase"]
[SourceDate "2017.06.22"]
[SourceVersion "1"]
[SourceVersionDate "2017.06.22"]
[SourceQuality "1"]

1. d4 Nf6 2. Bg5 e6 3. e4 Be7 4. Bxf6 Bxf6 5. e5 Be7 6. Qg4 Kf8 7. Bd3 d5 8. Nf3 c5 9. dxc5 Bxc5 10. 0-0 b6 11. Ng5 g6 12. Qf4 Qe7 13. c3 a5 14. a4 Ba6 15. Bb5 h6 16. Nf3 Kg7 17. Nbd2 Qc7 18. b4 axb4 19. cxb4 Bxb5 20. axb5 Rxa1 21. Rxa1 Be7 22. Nb3 Qc4 23. Nbd4 Qxb4 24. g3 Rd8 25. Ra7 Rd7 26. Ra8 Rb7 27. Qc1 Bc5 28. Qf4 Nd7 29. Kg2 0-1

[Event "SRI-chB"]
[Site "Narahenpita"]
[Date "2017.05.13"]
[Round "4"]
[White "Jayaweera, Y."]
[Black "Lasitha, Subash"]
[Result "1/2-1/2"]
[WhiteElo "1695"]
[BlackElo "1798"]
[PlyCount "52"]
[EventDate "2017.05.12"]
[EventType "swiss"]
[EventRounds "10"]
[EventCountry "SRI"]
[SourceTitle "CBM 178 Extra"]
[Source "ChessBase"]
[SourceDate "2017.06.22"]
[SourceVersion "1"]
[SourceVersionDate "2017.06.22"]
[SourceQuality "1"]

1. d4 d6 2. Nf3 c6 3. c4 Nf6 4. g3 Nbd7 5. Bg2 e5 6. dxe5 dxe5 7. 0-0 Be7 8. Nc3 0-0 9. Qc2 Qc7 10. Nh4 Nb6 11. b3 Rd8 12. Bb2 g6 13. Rad1 Rxd1 14. Rxd1 Nh5 15. Nf3 Bf5 16. e4 Be6 17. Nxe5 Qxe5 18. Nd5 Qg5 19. f4 Bc5+ 20. Kf1 Qh6 21. Nc7 Nxg3+ 22. hxg3 Qh2 23. Bd4 Bxd4 24. Rxd4 Rc8 25. Nxe6 fxe6 26. f5 Qxg3 1/2-1/2